[Event "BCF-ch U18 58th"]
[Site "Blackpool"]
[Date "1971.08.09"]
[Round "1"]
[White "Saunders, John C"]
[Black "Broers, M."]
[Result "1-0"]
[WhiteElo "1895"]
[BlackElo "1610"]
[PlyCount "25"]
[EventDate "1971.08.09"]
[EventType "swiss"]
[EventRounds "11"]
[EventCountry "ENG"]
[SourceTitle "EXT 2019"]
[Source "ChessBase"]
[SourceDate "2018.10.10"]
[SourceVersion "1"]
[SourceVersionDate "2018.10.10"]
[SourceQuality "1"]

1. e4 e5 2. Nf3 d6 3. Bc4 g6 4. d4 Nc6 5. dxe5 Nxe5 6. Nxe5 dxe5 7. Bxf7+ Kxf7 8. Qxd8 Be7 9. Qd5+ Kf8 10. 0-0 Nf6 11. Qxe5 Rg8 12. Bg5 Ng4 13. Qxe7# 1-0